| 000 | 00370nam a22001457a 4500 | ||
|---|---|---|---|
| 020 | _a0-590-48399-4 | ||
| 082 |
_a823 _bMAR/P |
||
| 100 | _aANN M MARTIN | ||
| 245 |
_aTHE BABYSITTERS CLUB _bPORTRAIT COLLECTION |
||
| 260 |
_aUSA _bSCHOLASTICS INC _c1994 |
||
| 300 | _a166 | ||
| 520 | _aTHE AUTOBIOGRAPHY OF ANASTASIA (STACEY) MCGILL | ||
| 650 | _aSTACEY'S BOOK | ||
| 942 | _cBK | ||
| 999 |
_c484 _d484 |
||